Concepts and methods of Social Work (Record no. 19947)

MARC details
000 -LEADER
fixed length control field 00342nam a22001457a 4500
020 ## - INTERNATIONAL STANDARD BOOK NUMBER
ISBN 9781258256234
082 ## - DEWEY DECIMAL CLASSIFICATION NUMBER
Classification number 305.8 FRI
100 ## - MAIN ENTRY--AUTHOR NAME
Author name Friedlander Walter A.
245 ## - TITLE STATEMENT
Title Concepts and methods of Social Work
250 ## - EDITION STATEMENT
Edition statement 1st
260 ## - PUBLICATION, DISTRIBUTION, ETC. (IMPRINT)
Place of publication New Jersey
Name of publisher Prentice- Hall, Inc
Year of publication 1962
300 ## - PHYSICAL DESCRIPTION
Number of Pages 308
650 ## - SUBJECT ADDED ENTRY--TOPICAL TERM
Topical Term Social Work
942 ## - ADDED ENTRY ELEMENTS (KOHA)
Koha item type Books
Holdings
Home library Current library Shelving location Date acquired Source of acquisition Cost, normal purchase price Full call number Accession Number Koha item type
Henry Martyn Institute Library Henry Martyn Institute Library General stacks 01/20/2016 amazan 2320.00 305.8 FRI 25016 Books
                   Copyright © 2026 | Henry Martyn Institute | Hyderabad | TS-500052 | INDIA | Implemented by hmi.edu.in
Hit-Count:

Powered by Koha